| 000 | 00790cam a22002531 4500 | ||
|---|---|---|---|
| 001 | 1698420 | ||
| 003 | BD-DhUL | ||
| 005 | 20160512140549.0 | ||
| 008 | 740123s1966 ii b b 000 0 eng | ||
| 010 | _asa 67000289 | ||
| 025 | _aPL480:I-E-7333 | ||
| 040 |
_aDLC _cDLC _dDLC _dBD-DhUL |
||
| 043 | _aa-ii--- | ||
| 050 | 0 | 0 |
_aHC434 _b.A3 |
| 082 |
_a330.954 _bADE |
||
| 100 | 1 | _aAdhya, G. L. | |
| 245 | 1 | 0 |
_aEarly Indian economics : _bstudies in the economic life of northern and western India, c. 200 B.C.--300 A.D. / _cby G. L. Adhya. |
| 260 |
_aNew York : _bAsia Pub. House, _c1966. |
||
| 300 |
_axii, 219 p. : _bill. ; _c22 cm. |
||
| 504 | _aincludes bibliography. | ||
| 651 | 0 |
_aIndia _xEconomic conditions |
|
| 906 |
_a7 _bcbc _corignew _du _encip _f19 _gy-gencatlg |
||
| 942 |
_2ddc _cBK |
||
| 999 |
_c63989 _d63989 |
||